00669nam a22001817a 450000500170000000800410001702000150005804000720007304100080014510000180015324500690017126000810024030000250032149000410034665000230038765000490041065000280045920250502083427.0130821s1986 xxu gr eng  a0816612943 aCo-BoUCMbspacDavid Moreno (modificó)dDavid Moreno (modificó)00aeng1 aMan, Paul De.14aThe resistance to theorycPaul de Man; foreword by Wlad Godzich. aMinneapolis (Minessota, Estados Unidos)bUniversity of Minnesota Pressc1986 axviii, 137 Páginas 0aTheory and History of Literaturev3304aTeoría literaria04aCrítica literaria xAspectos filosóficos04aRetórica y literatura